Finite and infinite games / (Запис № 496647)

МАРК-запис
000 -LEADER
fixed length control field 01724cam a2200481 a 4500
001 - CONTROL NUMBER
control field finiteinfinitega00cars
003 - CONTROL NUMBER IDENTIFIER
control field CaSfIA
005 - DATE AND TIME OF LATEST TRANSACTION
control field 20210118083326.0
007 - PHYSICAL DESCRIPTION FIXED FIELD--GENERAL INFORMATION
fixed length control field cr||||
008 - FIXED-LENGTH DATA ELEMENTS--GENERAL INFORMATION
fixed length control field 860530s1986 nyu 001 0 eng
010 ## - LIBRARY OF CONGRESS CONTROL NUMBER
LC control number 86014304
040 ## - CATALOGING SOURCE
Original cataloging agency DLC
Transcribing agency DLC
Modifying agency BTCTA
-- YDXCP
-- OKR
-- NIALS
-- KYL
-- EDX
-- DEBBG
-- CaSfIA
020 ## - INTERNATIONAL STANDARD BOOK NUMBER
International Standard Book Number 0029059801
020 ## - INTERNATIONAL STANDARD BOOK NUMBER
International Standard Book Number 9780029059807
035 ## - SYSTEM CONTROL NUMBER
System control number (OCoLC)13762141
050 00 - LIBRARY OF CONGRESS CALL NUMBER
Classification number BD431
Item number .C297 1986
050 04 - LIBRARY OF CONGRESS CALL NUMBER
Classification number D431
Item number .C297 1986
082 00 - DEWEY DECIMAL CLASSIFICATION NUMBER
Classification number 110
Edition number 19
084 ## - OTHER CLASSIFICATION NUMBER
Classification number 5,1
Source of number ssgn
084 ## - OTHER CLASSIFICATION NUMBER
Classification number BF 8050
Source of number rvk
029 1# - (OCLC)
OCLC library identifier NLGGC
System control number 86303103X
029 1# - (OCLC)
OCLC library identifier YDXCP
System control number 10474
029 1# - (OCLC)
OCLC library identifier NZ1
System control number 3139178
029 1# - (OCLC)
OCLC library identifier AU@
System control number 000004680305
029 1# - (OCLC)
OCLC library identifier UNITY
System control number 018739709
029 1# - (OCLC)
OCLC library identifier HR0
System control number 0029059801
029 1# - (OCLC)
OCLC library identifier DEBBG
System control number BV003680722
100 1# - MAIN ENTRY--PERSONAL NAME
Personal name Carse, James P.
245 10 - TITLE STATEMENT
Title Finite and infinite games /
Medium [electronic resource]
Statement of responsibility, etc James P. Carse.
260 ## - PUBLICATION, DISTRIBUTION, ETC. (IMPRINT)
Place of publication, distribution, etc New York :
Name of publisher, distributor, etc Free Press,
Date of publication, distribution, etc c1986.
300 ## - PHYSICAL DESCRIPTION
Extent 152 p. ;
Dimensions 22 cm.
500 ## - GENERAL NOTE
General note Includes index.
506 ## - RESTRICTIONS ON ACCESS NOTE
Standardized terminology for access restriction Необхідна авторизація на https://archive.org/ (створення облікового запису безкоштовно)
506 ## - RESTRICTIONS ON ACCESS NOTE
Standardized terminology for access restriction Необхідна авторизація на https://openlibrary.org/ (створення облікового запису безкоштовно)
650 #0 - SUBJECT ADDED ENTRY--TOPICAL TERM
Topical term or geographic name as entry element Life.
650 #0 - SUBJECT ADDED ENTRY--TOPICAL TERM
Topical term or geographic name as entry element Games
General subdivision Symbolic aspects.
650 #0 - SUBJECT ADDED ENTRY--TOPICAL TERM
Topical term or geographic name as entry element Religion.
650 #0 - SUBJECT ADDED ENTRY--TOPICAL TERM
Topical term or geographic name as entry element Philosophy.
650 07 - SUBJECT ADDED ENTRY--TOPICAL TERM
Topical term or geographic name as entry element Lebenssinn.
Source of heading or term swd
856 41 - ELECTRONIC LOCATION AND ACCESS
Uniform Resource Identifier <a href="http://www.archive.org/details/finiteinfinitega00cars">http://www.archive.org/details/finiteinfinitega00cars</a>
Public note Free eBook from the Internet Archive
856 42 - ELECTRONIC LOCATION AND ACCESS
Uniform Resource Identifier <a href="http://www.openlibrary.org/books/OL2720840M">http://www.openlibrary.org/books/OL2720840M</a>
Public note Additional information and access via Open Library
942 ## - ADDED ENTRY ELEMENTS (KOHA)
Koha item type ЕКнига

Немає доступних примірників.